|
|
|
|
| LEADER |
00000cab a2200000 a 4500 |
| 001 |
vtls010254511 |
| 003 |
SK-MaSNL |
| 005 |
20260304210620.0 |
| 008 |
140522c2006 xo u e 0 0cze |
| 035 |
|
|
|a SVKKK000083203
|
| 038 |
|
|
|a SVKKK
|
| 040 |
|
|
|a SVKKK
|b slo
|c SVKKK
|e AACR2
|
| 041 |
0 |
|
|a cze
|
| 044 |
|
|
|a xo
|c SK
|
| 080 |
|
|
|a 331.4
|2 1997
|
| 080 |
|
|
|a 621.791:331.4
|2 1997
|
| 100 |
1 |
|
|a Dimmerová, Jitka
|4 aut
|9 1469373
|
| 245 |
1 |
0 |
|a Zdravotní rizika při svařování a řezaní
|c Jitka Dimmerová
|
| 300 |
|
|
|b Obr., tab.
|
| 650 |
0 |
7 |
|a delenie materiálov
|2 snkbucl
|9 75650
|
| 650 |
0 |
7 |
|a ochranné pracovné prostriedky
|x zváranie
|2 snkbucl
|9 1541970
|
| 650 |
0 |
7 |
|a zváranie
|x delenie materiálov
|x žiarenie
|x zdravotné riziká
|x ochranné prostriedky
|2 snkbucl
|9 1541971
|
| 655 |
|
7 |
|a články
|2 SNKPH
|9 70601
|
| 773 |
0 |
|
|t Zváranie
|g Roč. 55, č. 11-12(2006), s. 313-320
|x 0044-5525
|
| 852 |
|
|
|a SVKKK
|b BIB
|
| 958 |
|
|
|a NB
|
| 999 |
|
|
|c 3126830
|d 3128760
|